000 01013pam a2200349 i 4500
999 _c898
_d898
001 016684708
003 Uk
005 20191226091312.0
008 140210s2014 enk j 000 1 eng|d
015 _aGBB439724
_2bnb
016 7 _a016684708
_2Uk
020 _a9781909489332 (pbk.) :
040 _aStDuBDS
_beng
_cStDuBDS
_dUk
_erda
042 _aukblcatcopy
082 _aFIC ELL
100 1 _aEllen, Tom,
_eauthor.
245 1 0 _aLobsters :
_ba socially awkward love story /
_cTom Ellen & Lucy Ivison.
264 1 _aFrome :
_bChicken House,
_c2014.
300 _a307 pages ;
_c20 cm
336 _atext
_2rdacontent
337 _aunmediated
_2rdamedia
338 _avolume
_2rdacarrier
500 _aIncludes QR code.
500 _aFormerly CIP.
_5Uk
530 _aAlso issued online.
655 0 _aLove stories.
655 0 _aYoung adult fiction.
700 1 _aIvison, Lucy,
_eauthor.
776 0 8 _iebook version:
_z9781909489578
942 _2ddc
_cFIC